| 000 | 00635nam a22001817a 4500 | ||
|---|---|---|---|
| 999 |
_c14904 _d14904 |
||
| 003 | OSt | ||
| 082 | _2664 HAR/DE | ||
| 088 | _aP 384 | ||
| 100 |
_aHARITHA J _aKAVYA P.S _aSONIYA P.V _93977 |
||
| 245 | _aDevelopment and Evaluation of Jackfruit Bulb Slicer | ||
| 260 |
_aTavanur 2017 _bDepartment of Food and Agricultural Processing Engineering |
||
| 300 | _a61 | ||
| 500 | _aDevelopment and Evaluation of Jackfruit Bulb Slicer | ||
| 520 | _aDevelopment and Evaluation of Jackfruit Bulb Slicer | ||
| 700 |
_aDr. Sudheer K.P (Guide) _93978 |
||
| 856 | _uhttps://drive.google.com/open?id=1ET2Tg6s9BozmKTbCuk0929BV7IwO2OAX | ||
| 942 | _cPR | ||